Bundesliga Tabelle nach Mitglieder Anzahl - Statistiken

Allgemein
  • Dieses Quiz wurde 163 mal gespielt
  • Das Durchschnittsergebnis liegt bei 10 aus 18
Antwortstatistiken
Mitglieder Antwort % Korrekt
168.163 Borussia Dortmund
95%
295.000 FC Bayern München
95%
164.000 FC Schalke 04
84%
120.887 1. FC Köln
69%
120.000 Eintracht Frankfurt
67%
750 RB Leipzig
63%
11.000 TSG Hoffenheim
49%
76.700 VfB Stuttgart
49%
98.000 Borussia Mönchengladbach
46%
46.000 SC Freiburg
44%
14.000 1. FSV Mainz 05
43%
21.730 FC Augsburg
43%
21.500 VfL Wolfsburg
42%
48.364 1. FC Union Berlin
41%
30.000 Bayer Leverkusen
39%
42.407 SV Werder Bremen
37%
22.123 VfL Bochum
34%
44.211 Hertha BSC
28%
Keine übereinstimmenden Quizze gefunden
Verteilung der Resultate
Anzahl Personen mit jedem Resultat
Perzentil nach korrekt beantworteten Fragen
Ihre Resultats-Entwicklung
Sie haben dieses Quiz noch nicht gespielt